LEADER 02512nam 2200421Ia 450 001 996393486203316 005 20200824132043.0 035 $a(CKB)4940000000118078 035 $a(EEBO)2240882227 035 $a(OCoLC)ocm18212079e 035 $a(OCoLC)18212079 035 $a(EXLCZ)994940000000118078 100 $a19880714d1687 uy | 101 0 $aeng 135 $aurbn||||a|bb| 200 10$aLetters writ by a Turkish spy$b[electronic resource] $ewho lived five and forty years, undiscovered, at Paris : giving an impartial account to the Divan at Constantinople, of the most remarkable transactions of Europe, and discovering several intrigues and secrets of the Christian courts, (especially of that of France) from the year 1637, to the year 1682 /$fwritten originally in Arabick, first translated into Italian, afterwards into French, and now into English 210 $aLondon $cPrinted by J. Leake, and are to be sold by Henry Rhodes ...$d1687 215 $a[24], 376 p 300 $aThe first edition of this work began publication in 1684, when a volume in Italian entitled "L'esploratore Turco" and a French version entitled "L'esplou du grand seigneur" were published in Paris by C. Barbin. Authorship is disputed, but it is generally agreed that the first fifty letters (the original four volumes) were written by Marana. In the English editions, v. 1 contains the substance of the letters commonly ascribed to Marana. The continuation (i.e. v. 2-8), said to have appeared first in English, has been variously ascribed to Robert Midgley and William Bradshaw; Bradshaw has also been attributed as the translator (from Marana's Italian manuscripts) of the entire work under Dr. Midgley's editorship. Cf. DNB; Gentleman's magazine, 1841, p. 270. 300 $aRunning title reads: Letters writ by a spy at Paris. 300 $a"The end of the first volume": p. 376. 300 $aImperfect: pages 63-64 lacking, tightly bound. 300 $aReproduction of original in the Huntington Library. 330 $aeebo-0113 606 $aSpies$zEurope 607 $aEurope$xHistory$y17th century 615 0$aSpies 700 $aMarana$b Giovanni Paolo$f1642-1693.$0744114 701 $aBradshaw$b William$ffl. 1700.$01004661 701 $aMidgley$b Robert$f1655?-1723.$01003848 801 0$bEAI 801 1$bEAI 801 2$bUMI 801 2$bWaOLN 906 $aBOOK 912 $a996393486203316 996 $aLetters writ by a Turkish spy$92395298 997 $aUNISA LEADER 03008nam 22006253 450 001 9911008408103321 005 20230822234242.0 010 $a9788418273070 010 $a8418273070 010 $a9788418273025 010 $a841827302X 035 $a(CKB)4100000011232801 035 $a(MiAaPQ)EBC29383253 035 $a(Au-PeEL)EBL29383253 035 $a(MiAaPQ)EBC7180449 035 $a(Au-PeEL)EBL7180449 035 $a(OCoLC)1348613674 035 $a(FINmELB)ELB218988 035 $a(OCoLC)1154335079 035 $a(OCoLC)1455139202 035 $a(Perlego)2163939 035 $a(EXLCZ)994100000011232801 100 $a20220727d2020 uy 0 101 0 $aspa 135 $aurcnu|||||||| 181 $ctxt$2rdacontent 182 $cc$2rdamedia 183 $acr$2rdacarrier 200 10$aNeoliberalismo Como Teología Política $eHabermas, Foucault, Dardot, Laval y la Historia Del Capitalismo Contemporáneo 205 $a1st ed. 210 1$aBarcelona :$cNed Ediciones,$d2020. 210 4$d©2020. 215 $a1 online resource (282 pages) 225 0 $aHuellas y sen?ales 311 08$a9788418273018 311 08$a8418273011 320 $aIncluye referencias bibliogra?ficas. 327 $aNeoliberalismo como teología política: Habermas, Foucault, Dardot, Laval y la historia del capitalismo contemporáneo -- Página legal -- Indice -- Prólogo -- 1 Habermas y el sentido epocal (....) -- 2 El nacimiento de la biopolítica -- 3 La experiencia de Europa -- 4 Neoliberalismo como teología -- 5 Teología política y ontología -- Post scriptum. 330 8 $aEn este libro Villacan?as nos brinda una honda reflexio?n sobre el auge y cai?da del orden neoliberal. Lo hace a trave?s de un estudio panora?mico del pensamiento de Christian Laval y Pierre Dardot, y aporta un valioso enfoque personal al leer sus contribuciones desde las bases teo?ricas que las hacen posibles: la historia sociopoli?tica de Europa, la filosofi?a de Ju?rgen Habermas y el seminario de Michel Foucault El nacimiento de la biopoli?tica.Villacan?as nos permite pensar el neoliberalismo no solo como una racionalidad que ha estructurado el mundo en los u?ltimos cincuenta an?os, sino como una teologi?a poli?tica que implica el advenimiento de una nueva revolucio?n civilizatoria integral, una nueva etapa de la humanidad en que el u?nico contenido formal de la subjetividad es la interiorizacio?n casi pulsional de las reglas naturales de la economi?a liberal. 606 $aNeoliberalismo 606 $aCapitalismo$yS.XXI 606 $aBiopoli?tica 608 $aLibros electro?nicos. 615 4$aNeoliberalismo. 615 4$aCapitalismo 615 4$aBiopoli?tica. 676 $a330.122 700 $aVillacañas$b José Luis$0466428 801 0$bMiAaPQ 801 1$bMiAaPQ 801 2$bMiAaPQ 906 $aBOOK 912 $a9911008408103321 996 $aNeoliberalismo Como Teología Política$94394546 997 $aUNINA